[Event "Elite Hotels Open 2015"]
[Site "Elite Stadshotellet, Vaxjo"]
[Date "2015.02.13"]
[Round "4.28"]
[White "Eidenert, Carl"]
[Black "Rahul Kumar, Pune"]
[Result "1/2-1/2"]
[WhiteElo "1990"]
[BlackElo "2148"]

1.c4 Nf6 2.Nc3 c5 3.g3 e6 4.Bg2 Be7 5.e3 O-O 6.Nge2 d5 7.cxd5 exd5 8.d4 
Nc6 9.O-O Bg4 10.h3 Be6 11.b3 Rc8 12.Bb2 Qd7 13.Kh2 Rfd8 14.Nf4 cxd4 15.
exd4 Bd6 16.Nxe6 Qxe6 17.Qd2 Qf5 18.Rae1 Re8 19.Re3 Rxe3 20.Qxe3 Re8 21.
Qf3 Qc2 22.Na4 Nb4 23.Rc1 Qe2 24.a3 Qxf3 25.Bxf3 Nd3 26.Rc2 Nxb2 27.Rxb2 
Bxa3 28.Ra2 Bd6 29.Nc3 Bb8 30.Nxd5 Nxd5 31.Bxd5 Rd8 32.Bxb7 Rxd4 33.Bc6 h5
34.Re2 Kh7 35.Bb5 h4 36.Kg2 hxg3 37.fxg3 a5 38.Rf2 f6 39.Re2 Be5 40.g4 Kh6
41.Ba6 Rb4 42.Re3 Kg5 43.Kf3 Rf4+ 44.Kg2 Rd4 45.Re2 Kh4 46.Rc2 Rb4 47.Bc4 
a4 48.bxa4 Rxa4 49.Bb5 Ra3 50.Bd7 Rg3+ 51.Kf1 Rxh3 52.Rg2 Rd3 53.Bf5 Ra3 
54.Rc2 Kg5 55.Be6 Kf4 56.Rf2+ Kg3 57.Rg2+ Kh4 58.Rc2 Bd4 59.Rd2 Be3 60.Rc2
Kg3 61.Ke2 Bd4 62.Bf5 Re3+ 63.Kd1 Bc3 64.Re2 Rf3 65.Kc2 Be5 66.Rd2 Kf4 67.
Re2 g6 68.Bxg6 Kxg4 69.Be8 Kf4 70.Kd1 Bc3 71.Kc2 Ba5 72.Rh2 f5 73.Bd7 Ke3 
74.Kd1 f4 75.Bb5 Rg3 76.Bc6 Rg1+ 77.Kc2 Rg8 78.Rh3+ Kd4 79.Kb3 Rc8 80.Bg2 
Bd2 81.Rh7 Ke3 82.Re7+ Kf2 83.Bb7 Rb8 84.Kc2 Bb4 85.Rf7 Bd6 86.Kd3 Re8 87.
Rf6 Bb8 88.Bc6 Bc7 89.Rf5 Re3+ 90.Kd2 Bd6 91.Bb7 Rb3 92.Be4 Bb4+ 93.Kc2 
Rc3+ 94.Kb2 Ke3 95.Ba8 Rc8 96.Bd5 Bd2 97.Kb3 Rc3+ 98.Kb2 Ke2 99.Rf7 Rc5 
100.Bb7 Rb5+ 101.Kc2 Rc5+ 102.Kb2 Ke3 103.Kb3 Bc3 104.Kc2 Be5+ 105.Kb3 
Rb5+ 106.Kc4 Rb2 107.Kc5 Rxb7 108.Rxb7 f3 109.Rb3+ Ke2 110.Rxf3 1/2-1/2

[Event "Elite Hotels Open 2015"]
[Site "Elite Stadshotellet, Vaxjo"]
[Date "2015.02.13"]
[Round "4.29"]
[White "Svensson, Anders 1971"]
[Black "Thornblad, Erik"]
[Result "1-0"]
[WhiteElo "2131"]
[BlackElo "1970"]

1.e4 d6 2.d4 Nf6 3.Nc3 g6 4.Nf3 Bg7 5.h3 a6 6.Be2 b5 7.e5 Nfd7 8.exd6 cxd6
9.O-O Nc6 10.d5 Nce5 11.Nd4 Bb7 12.f4 Nc4 13.Kh1 O-O 14.Nc6 Bxc6 15.dxc6 
Nc5 16.Bf3 Rc8 17.f5 e6 18.fxg6 hxg6 19.Rb1 Ne5 20.Bf4 Nxf3 21.Qxf3 Qc7 
22.Rbd1 Qxc6 23.Qxc6 Rxc6 24.Bxd6 Rfc8 25.Rf4 Rd8 26.Be7 Rxd1+ 27.Nxd1 Rc7
28.Bg5 Rd7 29.Rf1 Ne4 30.Bh4 Rd2 31.Re1 f5 32.Kg1 Rxc2 33.Kf1 Nd2+ 34.Kg1 
Bd4+ 35.Kh2 Ne4 36.Be7 Be5+ 37.Kg1 Bg3 38.Rf1 Kf7 39.Bb4 Bd6 40.a3 Bxb4 
41.axb4 Nd6 42.Re1 Nc4 43.b3 Nd6 44.Ne3 Rb2 45.Rd1 Ke7 46.Rd3 Ne4 47.h4 
Nd2 48.Kh2 Rxb3 49.Nxf5+ exf5 50.Rxd2 Rxb4 51.Kg3 a5 52.Re2+ Kf6 53.Kf3 a4
54.Rc2 Rc4 55.Rb2 b4 56.Rd2 Ke5 57.Re2+ Re4 58.Rc2 b3 59.Rc5+ Kd4 60.Ra5 
Kc3 61.Rc5+ Kb2 62.h5 gxh5 63.Rxf5 Rh4 64.g3 Rh1 65.Re5 Ka3 66.Kg2 Rc1 67.
Rxh5 b2 1-0

[Event "Elite Hotels Open 2015"]
[Site "Elite Stadshotellet, Vaxjo"]
[Date "2015.02.13"]
[Round "4.30"]
[White "Hogeman, Joel"]
[Black "Fransson, Patrick"]
[Result "1-0"]
[WhiteElo "1972"]
[BlackElo "2130"]

1.d4 f5 2.g3 Nf6 3.Bg2 g6 4.Nf3 d6 5.b3 Bg7 6.Bb2 c6 7.c4 O-O 8.O-O Qe8 9.
Nbd2 h6 10.Qc2 Qf7 11.Rae1 Nh5 12.e4 f4 13.d5 g5 14.Nd4 c5 15.Nf5 Bxf5 16.
exf5 Bxb2 17.Qxb2 Ng7 18.g4 Nd7 19.Nf3 Rab8 20.h4 gxh4 21.Nxh4 Ne5 22.Rxe5
dxe5 23.Ng6 Nxf5 24.gxf5 Qg7 25.Nxf8 Rxf8 26.Kh2 Rxf5 27.Bh3 Rg5 28.Qb1 
Qf6 29.Rg1 Rxg1 30.Qxg1+ Kf8 31.Be6 Qh4+ 32.Kg2 Ke8 33.Kf1 Kd8 34.Qg8+ Kc7
35.Qc8+ Kb6 36.Bh3 h5 37.a3 f3 38.Qf5 e4 39.Qe6+ Ka5 40.Qd7 Kb6 41.Qb5+ 
Kc7 42.Qxc5+ Kd8 43.Qc8# 1-0

[Event "Elite Hotels Open 2015"]
[Site "Elite Stadshotellet, Vaxjo"]
[Date "2015.02.14"]
[Round "5.1"]
[White "Berg, Emanuel"]
[Black "Sjodahl, Pontus"]
[Result "1-0"]
[WhiteElo "2543"]
[BlackElo "2428"]

1.e4 e6 2.d4 d5 3.Nc3 Bb4 4.e5 c5 5.a3 Bxc3+ 6.bxc3 Ne7 7.Qg4 O-O 8.Bd3 
Nbc6 9.Qh5 Ng6 10.Nf3 Qc7 11.Be3 c4 12.Bxg6 fxg6 13.Qg4 b5 14.h4 Rf5 15.
Ke2 a5 16.Ng5 h6 17.h5 Qe7 18.f4 Qe8 19.Nf3 gxh5 20.Qh3 Ne7 21.Nh4 Rf8 22.
g4 Ng6 23.Rag1 Nxh4 24.Qxh4 Qg6 25.f5 exf5 26.gxh5 Qh7 27.Bf4 Kh8 28.Rg6 
Ra7 29.Rhg1 Raf7 30.e6 Re8 31.Be5 Rxe6 32.Rxe6 Bxe6 33.Rg6 Bd7 34.Qd8+ Qg8
35.Rxh6# 1-0

[Event "Elite Hotels Open 2015"]
[Site "Elite Stadshotellet, Vaxjo"]
[Date "2015.02.14"]
[Round "5.2"]
[White "Hedman, Erik"]
[Black "Blomqvist, Erik"]
[Result "0-1"]
[WhiteElo "2376"]
[BlackElo "2521"]

1.d4 d5 2.c4 c6 3.Nf3 Nf6 4.Nc3 dxc4 5.a4 Bf5 6.e3 e6 7.Bxc4 Bb4 8.O-O 
Nbd7 9.Qe2 Bg6 10.e4 O-O 11.Bd3 c5 12.e5 cxd4 13.Bxg6 hxg6 14.exf6 dxc3 
15.fxg7 Kxg7 16.Rd1 Qc7 17.Qe3 Kg8 18.Qh6 Rfc8 19.Bf4 e5 20.Qh3 cxb2 21.
Rab1 exf4 22.Rxb2 Be7 0-1

[Event "Elite Hotels Open 2015"]
[Site "Elite Stadshotellet, Vaxjo"]
[Date "2015.02.14"]
[Round "5.3"]
[White "Bellon Lopez, Juan Manuel"]
[Black "Meier, Georg"]
[Result "0-1"]
[WhiteElo "2368"]
[BlackElo "2641"]

1.d4 Nf6 2.Nf3 d5 3.c4 e6 4.Nc3 Be7 5.Bg5 h6 6.Bh4 O-O 7.e3 b6 8.Qc2 Bb7 
9.cxd5 Nxd5 10.Nxd5 Bxd5 11.Bxe7 Qxe7 12.Be2 c5 13.O-O Nd7 14.Rfd1 Rfd8 
15.Qa4 cxd4 16.Nxd4 Nc5 17.Qa3 a5 18.Bf3 Qb7 19.Bxd5 Qxd5 20.Rdc1 Rd7 21.
h3 Rad8 22.Qc3 e5 23.Nf3 e4 24.Nd4 Rd6 25.Ne2 Nd3 26.Rc2 Nb4 27.Nf4 Qf5 
28.Rcc1 Nd3 29.Nxd3 Rxd3 30.Qc7 Rd2 31.Rf1 R8d6 32.Rac1 Qe6 33.Rc2 Rxc2 
34.Qxc2 Qxa2 35.Qc8+ Kh7 36.Qf5+ g6 37.Qxe4 Qxb2 38.Rb1 Qa2 39.Rc1 Qe6 40.
Qf4 Qf6 41.Qe4 Kg7 42.f4 Qe6 43.Qf3 Rd3 44.Re1 Rb3 45.Qd1 Qc4 46.e4 Rd3 
47.Qe2 Qd4+ 48.Kh1 Rd2 49.Qf3 Rf2 50.Qg3 Qd2 51.Rb1 Rxf4 52.Rxb6 Rxe4 53.
Rb1 Re3 54.Qh4 g5 55.Qc4 Rc3 56.Qf1 Qd3 57.Qe1 Qe3 58.Qd1 Qe4 59.Kg1 Rc2 
0-1

[Event "Elite Hotels Open 2015"]
[Site "Elite Stadshotellet, Vaxjo"]
[Date "2015.02.14"]
[Round "5.4"]
[White "Lindgren, Philip"]
[Black "Hillarp Persson, Tiger"]
[Result "0-1"]
[WhiteElo "2340"]
[BlackElo "2552"]

1.d4 Nf6 2.c4 e6 3.Nf3 c5 4.d5 d6 5.Nc3 exd5 6.cxd5 g6 7.Bf4 Bg7 8.Qa4+ 
Bd7 9.Qb3 Qc7 10.e4 Nh5 11.Be3 O-O 12.Be2 Bg4 13.h3 Bxf3 14.Bxf3 Nd7 15.
Bxh5 gxh5 16.O-O f5 17.exf5 Rxf5 18.Ne4 Nb6 19.Rad1 h4 20.Ng5 Qd7 21.Qc2 
Re8 22.Bc1 Ree5 23.f4 Rxd5 24.Rde1 h6 25.Ne6 Bf6 26.Qe2 Qf7 27.Kh1 Kh7 28.
Qe4 Kh8 29.Rf3 Nc8 30.Rd3 Ne7 31.Rxd5 Rxd5 32.Nc7 Rd4 33.Qxb7 Qh5 34.Qa8+ 
Ng8 35.Ne8 Rd1 36.Qe4 Be7 37.Nc7 Rxe1+ 38.Qxe1 Qf5 39.Be3 Kh7 40.Qd1 Nf6 
41.Qb3 d5 42.Nb5 a6 43.Nc3 Kg6 44.Qb7 Qe6 45.Bf2 d4 46.Nd1 Qe2 47.Qb3 c4 
48.Qf3 Qxf3 49.gxf3 Bc5 50.Bxh4 Nd5 51.Bf2 Kf5 52.Kg2 Nxf4+ 53.Kh2 Ne2 54.
Kg2 Nc1 55.a3 Nd3 56.Kf1 Kf4 57.Ke2 Nc1+ 58.Kd2 Nb3+ 59.Ke2 Be7 60.Bg1 Kg3
61.f4 Kxf4 62.Bh2+ Kf5 63.Nf2 h5 64.Kf3 Nd2+ 65.Ke2 Ne4 66.Nd1 Bf6 67.Bc7 
Ng5 68.Nf2 d3+ 69.Ke3 Bxb2 70.a4 Bc1+ 71.Kd4 0-1

[Event "Elite Hotels Open 2015"]
[Site "Elite Stadshotellet, Vaxjo"]
[Date "2015.02.14"]
[Round "5.5"]
[White "Smith, Axel"]
[Black "Ernst, Thomas"]
[Result "1/2-1/2"]
[WhiteElo "2488"]
[BlackElo "2369"]

1.d4 Nf6 2.c4 e6 3.g3 c5 4.Nf3 cxd4 5.Nxd4 d5 6.Bg2 e5 7.Nf3 d4 8.O-O Nc6 
9.e3 Be7 10.exd4 exd4 11.Re1 O-O 12.Bf4 Be6 13.Nbd2 Qd7 14.Rc1 h6 15.Ne5 
Nxe5 16.Bxe5 Ng4 17.Nf3 Nxe5 18.Nxe5 Qd6 19.c5 Qc7 20.Qxd4 Rfd8 21.Qe3 
Rac8 22.Nxf7 Bxf7 23.Qxe7 Bxa2 24.Bh3 Qxe7 25.Rxe7 Rb8 26.Ra1 Bd5 27.Rxa7 
Bc6 28.Ra1 Rd2 29.b4 Rb2 30.Bd7 Bxd7 31.Rxd7 Rxb4 32.Re1 Rc8 33.Re5 Rc4 
34.Ree7 Rg4 35.Re5 Rc4 36.Ree7 Rg4 37.Rc7 Rxc7 38.Rxc7 Rb4 39.Kg2 b6 40.c6
Rc4 41.Kf3 b5 42.Ke3 b4 43.Kd3 Rc1 44.h4 b3 45.Rb7 Rxc6 46.Rxb3 Kf7 47.Ke4
Re6+ 48.Kf3 h5 49.Rb2 g6 50.Kf4 Kf6 51.Rb4 Ra6 52.Ke4 Re6+ 53.Kd5 Re2 54.
Rf4+ Kg7 55.Kd4 Ra2 56.Ke3 Ra3+ 57.Ke4 Ra2 58.Kf3 Ra3+ 59.Kg2 Ra2 60.Rb4 
Kf6 61.Kf3 Ra5 62.Ke4 Re5+ 63.Kf3 Ra5 64.Rb6+ Kg7 65.Rd6 Rf5+ 66.Kg2 Ra5 
67.Rd3 Rb5 68.Ra3 Rc5 69.Kh3 Rb5 70.f3 Rb7 71.Ra5 Rb3 72.Kg2 Rb2+ 73.Kf1 
Rc2 74.Re5 Ra2 75.f4 Kf6 76.Rg5 Rb2 77.f5 gxf5 78.Rxh5 Kg6 79.Rg5+ Kf6 80.
Rg8 Rb1+ 81.Kg2 Rb2+ 82.Kh3 Rb1 83.Rf8+ Kg6 84.Re8 Rb3 85.Kg2 f4 86.gxf4 
Kf5 87.h5 Kxf4 88.h6 Rg3+ 89.Kh2 Rg6 90.Rh8 Kg5 91.h7 Kh6 92.Kh3 Rg7 93.
Kh4 Rxh7 94.Rxh7+ Kxh7 1/2-1/2

[Event "Elite Hotels Open 2015"]
[Site "Elite Stadshotellet, Vaxjo"]
[Date "2015.02.14"]
[Round "5.6"]
[White "Johansson, Linus"]
[Black "Lissang, Christopher"]
[Result "1-0"]
[WhiteElo "2394"]
[BlackElo "2280"]

1.d4 Nf6 2.c4 e6 3.Nc3 Bb4 4.e3 O-O 5.Bd3 d5 6.Nf3 b6 7.O-O Bb7 8.cxd5 
exd5 9.a3 Bd6 10.b4 a6 11.Qb3 Qe7 12.Rb1 Nbd7 13.a4 c6 14.a5 b5 15.Nd2 Nh5
16.e4 Nf4 17.Bc2 Nxg2 18.Kxg2 Qg5+ 19.Kh1 Qf4 20.e5 Nxe5 21.Ne2 Qf6 22.
dxe5 Qxe5 23.Ng3 c5 24.bxc5 Bxc5 25.Qd3 f5 26.Bb2 d4+ 27.f3 Rad8 28.Rbe1 
Qf4 29.Nxf5 g6 30.Ne7+ Kh8 31.Nxg6+ hxg6 32.Qxg6 Qh4 33.Re5 Rd5 34.Rg1 1-0

[Event "Elite Hotels Open 2015"]
[Site "Elite Stadshotellet, Vaxjo"]
[Date "2015.02.14"]
[Round "5.7"]
[White "Hansson, Fredrik"]
[Black "Semcesen, Daniel"]
[Result "0-1"]
[WhiteElo "2029"]
[BlackElo "2466"]

1.e4 e5 2.Nf3 Nc6 3.Bb5 a6 4.Ba4 Nf6 5.O-O Nxe4 6.d4 b5 7.Bb3 d5 8.dxe5 
Be6 9.Nbd2 Nc5 10.c3 Bg4 11.Bc2 Ne6 12.h3 Bh5 13.Re1 Bc5 14.Nb3 Ba7 15.Qd3
Qd7 16.a4 bxa4 17.Nbd4 Bxd4 18.Nxd4 Ncxd4 19.cxd4 Bg6 20.Qc3 Bxc2 21.Qxc2 
Nxd4 22.Qxa4 Ne6 23.Be3 c5 24.f4 g6 25.Rec1 d4 26.Bd2 h5 27.Qc4 O-O 28.f5 
gxf5 29.Qd3 Rfb8 30.Qxf5 Rxb2 31.Bh6 Qd5 32.Rc2 Rxc2 33.Qxc2 d3 34.Qd1 
Qxe5 35.Ra4 Rd8 36.Rh4 Rd5 37.Bd2 Qe2 38.Qc1 Rf5 0-1

[Event "Elite Hotels Open 2015"]
[Site "Elite Stadshotellet, Vaxjo"]
[Date "2015.02.14"]
[Round "5.8"]
[White "Solodovnichenko, Yuri"]
[Black "Olofsson-Dolk, Mattis"]
[Result "1/2-1/2"]
[WhiteElo "2577"]
[BlackElo "2228"]

1.e4 e5 2.Nf3 Nc6 3.Nc3 Nf6 4.Be2 d6 5.d4 exd4 6.Nxd4 Be7 7.O-O O-O 8.Be3 
Re8 9.Re1 Bf8 10.Bg5 h6 11.Bxf6 Qxf6 12.Ndb5 Qd8 13.Nd5 Rxe4 14.Nbxc7 Be6 
15.Bd3 Rxe1+ 16.Qxe1 Ne5 17.Rd1 Rc8 18.Nxe6 fxe6 19.f4 exd5 20.fxe5 Qb6+ 
21.Kh1 Re8 22.e6 Qxb2 23.Bg6 Re7 24.Rxd5 Qf6 25.Bf7+ Kh8 26.Rd1 Rc7 27.Qe2
Be7 28.Qb5 Bf8 29.Rf1 a6 30.Qd3 Rc3 31.Qd1 Qg5 32.Bh5 Be7 33.Bf3 Qg6 34.
Qd5 Rxc2 35.Be4 Qf6 36.Kg1 Rc5 37.Qxb7 Qd4+ 38.Kh1 Qc4 39.Qb8+ Rc8 40.Qb1 
d5 41.Bd3 Qc6 42.Re1 a5 43.Bb5 Qc2 44.Bd3 Qxb1 45.Rxb1 Kg8 46.Bg6 Kf8 47.
g3 Bb4 48.Rd1 Ke7 49.Bf5 Rc5 50.g4 Kd6 51.Kg2 Rc3 52.Be4 Kxe6 53.Bxd5+ Ke7
54.Bb3 Re3 55.Rf1 Re2+ 56.Rf2 1/2-1/2

[Event "Elite Hotels Open 2015"]
[Site "Elite Stadshotellet, Vaxjo"]
[Date "2015.02.14"]
[Round "5.9"]
[White "Brynell, Stellan"]
[Black "Drugge, Patrik"]
[Result "1-0"]
[WhiteElo "2452"]
[BlackElo "2207"]

1.d4 Nf6 2.Nf3 e6 3.c4 b6 4.g3 Bb7 5.Bg2 d5 6.cxd5 Nxd5 7.O-O Nd7 8.Re1 
Bb4 9.Bd2 Bxd2 10.Qxd2 N5f6 11.Nc3 Ne4 12.Qc2 Nxc3 13.bxc3 c5 14.a4 cxd4 
15.cxd4 Rc8 16.Qb2 Be4 17.a5 O-O 18.axb6 Qxb6 19.Qxb6 axb6 20.Ne5 Nxe5 21.
Bxe4 Nc4 22.Bd3 Rfd8 23.e3 Nd2 24.Red1 Nb3 25.Ra6 Rc3 26.Rxb6 g6 27.Be2 
Ra8 28.Rb1 Ra3 29.Kg2 Kg7 30.Rb2 Nc1 31.Bf1 Nb3 32.Rb7 Kf6 33.g4 h6 34.h4 
g5 35.h5 Na5 36.Ra7 Nc6 37.Rd7 Rab3 38.Rxb3 Rxb3 39.Rc7 Ne7 40.Ra7 Rb2 41.
Bc4 Rc2 42.Bd3 Rc3 43.Be4 Nc8 44.Ra6 Ne7 45.d5 Ke5 46.dxe6 Kxe4 47.exf7 
1-0

[Event "Elite Hotels Open 2015"]
[Site "Elite Stadshotellet, Vaxjo"]
[Date "2015.02.14"]
[Round "5.10"]
[White "Nilsson, Patrik 1978"]
[Black "Akesson, Ralf"]
[Result "0-1"]
[WhiteElo "2177"]
[BlackElo "2451"]

1.e4 c5 2.c3 d5 3.exd5 Qxd5 4.Nf3 Nf6 5.d4 Bg4 6.dxc5 Qxc5 7.Be3 Qc7 8.Na3
Nc6 9.Nb5 Qb8 10.Bc4 e6 11.Nbd4 Nxd4 12.Qxd4 Bxf3 13.gxf3 a6 14.Rg1 Qc7 
15.O-O-O Rd8 16.Qa7 Rc8 17.Bb3 g6 18.Qd4 Bg7 19.Bf4 Nh5 20.Qa4+ Qc6 21.Bd6
Qxa4 22.Bxa4+ b5 23.Bb3 Rc6 24.a4 Bf8 25.Be5 Bh6+ 26.Kb1 O-O 27.axb5 axb5 
28.Rd7 Bg7 29.Bxg7 Nxg7 30.Rb7 Rc5 31.Bc2 Rd8 32.Rd1 Rxd1+ 33.Bxd1 Nf5 34.
Be2 Nd6 35.Rd7 Rd5 36.Bxb5 Nxb5 0-1

[Event "Elite Hotels Open 2015"]
[Site "Elite Stadshotellet, Vaxjo"]
[Date "2015.02.14"]
[Round "5.11"]
[White "Westerberg, Jonathan"]
[Black "Johansson, Carl Fredrik"]
[Result "1-0"]
[WhiteElo "2430"]
[BlackElo "2160"]

1.e4 c5 2.Nc3 Nc6 3.Bb5 Na5 4.Nf3 e6 5.O-O a6 6.Be2 b5 7.d4 cxd4 8.Nxd4 
Bb7 9.a3 Rc8 10.Kh1 Be7 11.Qd3 d6 12.f4 Nf6 13.e5 Nd5 14.Qg3 O-O 15.Nxd5 
Bxd5 16.f5 Kh8 17.fxe6 fxe6 18.Rxf8+ Qxf8 19.Bf4 dxe5 20.Bxe5 Bf6 21.Rf1 
Qe7 22.Bd3 Qb7 23.Rxf6 Bxg2+ 24.Kg1 1-0

[Event "Elite Hotels Open 2015"]
[Site "Elite Stadshotellet, Vaxjo"]
[Date "2015.02.14"]
[Round "5.12"]
[White "Agrest, Inna"]
[Black "Schneider, Stefan"]
[Result "1/2-1/2"]
[WhiteElo "2174"]
[BlackElo "2387"]

1.e4 e6 2.d4 d5 3.Nc3 Bb4 4.a3 Bxc3+ 5.bxc3 dxe4 6.Qg4 Nf6 7.Qxg7 Rg8 8.
Qh6 Nbd7 9.Ne2 Rg6 10.Qh4 Rg4 11.Qh3 b6 12.Ng3 Bb7 13.Be2 Rg6 14.c4 Qe7 
15.O-O O-O-O 16.a4 Rdg8 17.a5 Ng4 18.axb6 axb6 19.Ra7 f5 20.Bf4 Kb8 21.
Rfa1 e5 22.dxe5 Qc5 23.Bxg4 Rxg4 24.Be3 Qxe5 25.Qxh7 Nf6 26.Qxf5 Qxf5 27.
Nxf5 Rxg2+ 28.Kf1 Ng4 29.h3 Nxe3+ 30.Nxe3 Rh2 31.Ke2 Rf8 32.Ng4 Rxh3 33.
R7a3 Rhf3 34.c5 bxc5 35.Ra5 R3f5 36.c4 Kc8 37.Rb1 e3 38.Nxe3 Rxf2+ 39.Kd3 
Rd8+ 40.Nd5 Bxd5 41.cxd5 Rxd5+ 42.Ke4 Rff5 43.Ra8+ Kd7 44.Rbb8 Rfe5+ 45.
Kf4 Rh5 46.Rd8+ Kc6 47.Ra6+ Kb5 48.Rda8 Rh4+ 49.Ke3 Rb4 50.R6a7 Rd7 51.Ra1
Rh7 52.R8a5+ Kc6 53.Ra6+ Kd5 54.Rd1+ Rd4 55.Rg1 Rh3+ 56.Ke2 Rb4 57.Rg5+ 
Kc4 58.Kf2 Rb2+ 59.Kg1 Rc3 60.Ra4+ Kb5 61.Ra1 c6 62.Rg8 Kc4 63.Rg4+ Kb3 
64.Rg6 Kc2 65.Rg2+ Kb3 66.Rg6 c4 67.Rxc6 Rd3 68.Rc1 Rc2 69.Rxc2 Kxc2 70.
Rxc4+ 1/2-1/2

[Event "Elite Hotels Open 2015"]
[Site "Elite Stadshotellet, Vaxjo"]
[Date "2015.02.14"]
[Round "5.13"]
[White "Lindberg, Bengt"]
[Black "Sigeman, Johan"]
[Result "1-0"]
[WhiteElo "2385"]
[BlackElo "2128"]

1.e4 e5 2.Nf3 Nc6 3.Bb5 g6 4.d3 Nge7 5.Nc3 Bg7 6.a3 Nd4 7.Bc4 c6 8.Ba2 h6 
9.O-O O-O 10.Nxd4 exd4 11.Ne2 d5 12.Nf4 dxe4 13.dxe4 Kh7 14.Re1 Qc7 15.Nd3
c5 16.Bf4 Qb6 17.b4 cxb4 18.Rb1 a5 19.axb4 g5 20.Bd2 a4 21.b5 Be6 22.Bxe6 
Qxe6 23.Bb4 b6 24.e5 Rfe8 25.Qe2 Qd5 26.Bxe7 Rxe7 27.Qg4 Rd8 28.h4 Qe6 29.
Qf3 Kg8 30.hxg5 hxg5 31.Nb4 Rc7 32.Nc6 Rd5 33.Qg3 g4 34.Re4 Rxb5 35.Rxb5 
Qxc6 36.Rxg4 Qxb5 37.Rxg7+ Kf8 38.Qg5 1-0

[Event "Elite Hotels Open 2015"]
[Site "Elite Stadshotellet, Vaxjo"]
[Date "2015.02.14"]
[Round "5.14"]
[White "Kockum, Anton Frisk"]
[Black "Ottenklev, Niklas"]
[Result "1-0"]
[WhiteElo "2375"]
[BlackElo "2115"]

1.d4 f5 2.Bg5 h6 3.Bh4 g5 4.e4 Nf6 5.e5 e6 6.exf6 Qxf6 7.Bg3 f4 8.Be2 Nc6 
9.Bh5+ Kd8 10.Nf3 Bg7 11.c3 d5 12.Nbd2 Bd7 13.Nb3 b6 14.Nc1 Be8 15.Bxe8 
Rxe8 16.Nd3 Qf5 17.O-O Kc8 18.Qe2 a6 19.Rae1 Kb7 20.h3 fxg3 21.fxg3 Qh7 
22.a4 Re7 23.b4 g4 24.hxg4 Rg8 25.a5 Bh8 26.axb6 cxb6 27.Ra1 Qe4 28.Nc5+ 
bxc5 29.Qxa6+ Kc7 30.b5 Rb8 31.Qxc6+ Kd8 32.Qd6+ 1-0

[Event "Elite Hotels Open 2015"]
[Site "Elite Stadshotellet, Vaxjo"]
[Date "2015.02.14"]
[Round "5.15"]
[White "Gillefalk, Bjorn"]
[Black "Bakr, Jwan"]
[Result "1/2-1/2"]
[WhiteElo "2090"]
[BlackElo "2343"]

1.d4 g6 2.e4 Bg7 3.Nc3 d6 4.f4 Nf6 5.Nf3 O-O 6.Bd3 Na6 7.O-O c5 8.d5 Bg4 
9.a3 Nc7 10.Qe1 Rb8 11.a4 a6 12.a5 b5 13.axb6 Rxb6 14.Nd2 Bd7 15.Nd1 Re8 
16.Qh4 Bb5 17.c4 Bd7 18.f5 e6 19.dxe6 fxe6 20.fxg6 e5 21.gxh7+ Nxh7 22.
Qxd8 Rxd8 23.Nf3 Ne6 24.Bd2 Rdb8 25.Ba5 R6b7 26.Bc3 Nf4 27.Nf2 Rb6 28.Rfd1
Nxd3 29.Rxd3 Be6 30.Ra4 Bd7 31.Ra3 Be6 32.Ra4 Bd7 33.Ra1 Be6 34.Ra4 
1/2-1/2

[Event "Elite Hotels Open 2015"]
[Site "Elite Stadshotellet, Vaxjo"]
[Date "2015.02.14"]
[Round "5.16"]
[White "Livner, Anders"]
[Black "Hogeman, Joel"]
[Result "1-0"]
[WhiteElo "2343"]
[BlackElo "1972"]

1.d4 Nf6 2.c4 e6 3.Nf3 d5 4.Nc3 Be7 5.Bg5 h6 6.Bh4 O-O 7.e3 b6 8.Be2 dxc4 
9.Bxc4 Bb7 10.O-O Ne4 11.Nxe4 Bxe4 12.Bg3 Nd7 13.Qe2 Bd6 14.Rac1 Bxg3 15.
hxg3 c5 16.Rfd1 Qe7 17.dxc5 Nxc5 18.b4 Nd7 19.Rd4 Nf6 20.Ba6 Rfd8 21.Qb2 
Bb7 22.Bxb7 Qxb7 23.Ne5 Rac8 24.Rxd8+ Rxd8 25.b5 Ne4 26.Nc6 Rd2 27.Qb4 f5 
28.f3 Qd7 29.fxe4 Qd3 30.exf5 Qxe3+ 31.Kh2 Qe2 32.Rg1 e5 33.Qb3+ Kh7 34.
Qf7 Rd7 35.Qg6+ Kh8 36.Qe8+ 1-0

[Event "Elite Hotels Open 2015"]
[Site "Elite Stadshotellet, Vaxjo"]
[Date "2015.02.14"]
[Round "5.17"]
[White "Ziegler, Ari"]
[Black "Johansson, Roland"]
[Result "1-0"]
[WhiteElo "2327"]
[BlackElo "1963"]

1.e4 c5 2.Nf3 Nc6 3.Bb5 g6 4.d3 Bg7 5.Bxc6 dxc6 6.h3 Nf6 7.O-O O-O 8.Nc3 
b6 9.Be3 h6 10.Qd2 Kh7 11.a3 Be6 12.Nh2 c4 13.d4 b5 14.f3 a5 15.Ng4 h5 16.
Nxf6+ exf6 17.Ne2 Qc7 18.c3 Rad8 19.a4 f5 20.axb5 cxb5 21.d5 Bd7 22.Bd4 
Bxd4+ 23.Nxd4 fxe4 24.fxe4 Qe5 25.Nf3 Qc7 26.Ng5+ Kg7 27.Qd4+ f6 28.d6 Qc6
29.e5 fxg5 30.e6+ Kh6 31.e7 Bxh3 32.exf8=Q+ Rxf8 33.gxh3 1-0

[Event "Elite Hotels Open 2015"]
[Site "Elite Stadshotellet, Vaxjo"]
[Date "2015.02.14"]
[Round "5.18"]
[White "Berglind, Axel"]
[Black "Rydstrom, Tom"]
[Result "1-0"]
[WhiteElo "2047"]
[BlackElo "2314"]

1.c4 e6 2.e4 d5 3.cxd5 exd5 4.exd5 Nf6 5.Nc3 Nxd5 6.Nf3 Be7 7.Bc4 Nb6 8.
Bb3 N8d7 9.d4 Nf6 10.O-O O-O 11.h3 c6 12.Bf4 Bf5 13.Qd2 a5 14.a3 Nbd5 15.
Bh2 Ne4 16.Nxe4 Bxe4 17.Qe2 Bxf3 18.Qxf3 a4 19.Ba2 Qd7 20.Rfe1 Rfe8 21.Be5
Rad8 22.Re4 Bf8 23.Rae1 Re6 24.Bg3 Rde8 25.Re5 Rxe5 26.dxe5 Qe6 27.Rd1 Rd8
28.Qe4 b5 29.f4 g6 30.Bf2 Be7 31.g4 Qc8 32.f5 Bf8 33.Bh4 Be7 34.Bf2 Bf8 
35.e6 fxe6 36.fxg6 h6 37.Bd4 Qd7 38.Rf1 Qd6 39.Kh1 Rd7 40.Bb1 Bg7 41.Bxg7 
Rxg7 42.Re1 Nf4 43.Rf1 Nxg6 44.Rf6 Qd1+ 45.Kh2 Qd2+ 46.Kg3 Qd6+ 47.Kf2 
Qd2+ 48.Kg1 Qc1+ 49.Rf1 Qc5+ 50.Kh1 Qd5 51.Rf6 Qd1+ 52.Kh2 Qd2+ 53.Kg1 
Qc1+ 54.Rf1 Qc5+ 55.Kh1 Qd5 56.Rf6 Qd1+ 57.Kh2 Qd2+ 58.Kg1 Qc1+ 59.Rf1 
Qc5+ 60.Kh1 Qd5 61.Rf6 Qd1+ 62.Kh2 Qd6+ 63.Kg1 Ne5 64.Ba2 Re7 65.Qf5 Qd1+ 
66.Kg2 Qe2+ 67.Kg3 Kg7 68.Bxe6 Qe3+ 69.Kh4 Nf3+ 70.Kh5 Qg5+ 71.Qxg5+ hxg5 
72.Rg6+ Kh8 73.Bf5 Re2 74.Rxc6 Rh2 75.Rc7 Kg8 76.Kg6 Kf8 77.Kf6 1-0

[Event "Elite Hotels Open 2015"]
[Site "Elite Stadshotellet, Vaxjo"]
[Date "2015.02.14"]
[Round "5.19"]
[White "Vaarala, Eric"]
[Black "Sundqvist, Jan-Ove"]
[Result "1/2-1/2"]
[WhiteElo "2304"]
[BlackElo "1934"]

1.d4 f5 2.Nf3 Nf6 3.Qd3 e6 4.c4 d5 5.Nc3 c6 6.g3 Be7 7.Bg2 O-O 8.O-O Ne4 
9.Ne5 Nd7 10.Nxd7 Bxd7 11.Bf4 a6 12.f3 Nxc3 13.bxc3 b5 14.c5 Bg5 15.Bd6 
Be7 16.e4 Be8 17.Bxe7 Qxe7 18.exf5 exf5 19.Rae1 Qf6 20.Re5 Bd7 21.f4 Rae8 
22.a4 Rxe5 23.fxe5 Qg5 24.h4 Qe7 25.Bh3 g6 26.axb5 axb5 27.Ra1 Be6 28.Qf3 
Qb7 29.Qf4 Kg7 30.h5 Qe7 31.h6+ Kg8 32.Ra6 g5 33.Qc1 f4 34.g4 Bd7 35.Ra7 
Qe6 36.Kh2 Rd8 37.Qa1 Qxh6 1/2-1/2

[Event "Elite Hotels Open 2015"]
[Site "Elite Stadshotellet, Vaxjo"]
[Date "2015.02.14"]
[Round "5.20"]
[White "Dragicevic, Drazen"]
[Black "Sarwary, Hamidullah"]
[Result "1-0"]
[WhiteElo "2248"]
[BlackElo "1838"]

1.Nf3 d5 2.g3 Nf6 3.Bg2 g6 4.b3 Bg7 5.Bb2 Nbd7 6.c4 c6 7.Nc3 O-O 8.O-O Re8
9.Rc1 a6 10.d4 Nf8 11.Ne5 e6 12.e3 N6d7 13.f4 f5 14.Nd3 Nf6 15.Ba3 Ne4 16.
Qe2 Qa5 17.Bb4 Qd8 18.Rfd1 Nxc3 19.Bxc3 Nd7 20.Bb4 Nf6 21.Be1 Bd7 22.Rc2 
a5 23.c5 a4 24.b4 b5 25.cxb6 Qxb6 26.Ne5 Ra7 27.Rdc1 Rc7 28.b5 Rec8 29.
bxc6 Bxc6 30.Ba5 Qxa5 31.Nxc6 Rxc6 32.Rxc6 Rxc6 33.Rxc6 Kf7 34.Ra6 Qb4 35.
Ra7+ Kg8 36.h3 Ne4 37.Kh2 a3 38.Qa6 Nd6 39.Qc6 Nf7 40.Qxe6 Qf8 41.Bxd5 Kh8
42.Rxf7 Qb8 43.Rb7 Qd8 44.Re7 1-0

[Event "Elite Hotels Open 2015"]
[Site "Elite Stadshotellet, Vaxjo"]
[Date "2015.02.14"]
[Round "5.21"]
[White "Thornblad, Erik"]
[Black "Lind, Jan-Olov"]
[Result "0-1"]
[WhiteElo "1970"]
[BlackElo "2238"]

1.e4 c5 2.Nf3 g6 3.c4 Bg7 4.d4 cxd4 5.Nxd4 Nc6 6.Be3 Nf6 7.Nc3 O-O 8.Be2 
b6 9.O-O Bb7 10.f3 Nh5 11.Qd2 Nf4 12.Nxc6 Nxe2+ 13.Qxe2 Bxc6 14.Rac1 f5 
15.Qd2 fxe4 16.fxe4 Qc7 17.Bf4 Be5 18.Nd5 Qd6 19.Bxe5 Qxe5 20.Qc3 Rxf1+ 
21.Rxf1 Qxc3 22.Nxe7+ Kg7 23.bxc3 Bxe4 24.Rd1 Rd8 25.Rd4 Bb7 26.Kf2 Kf6 
27.Nd5+ Bxd5 28.cxd5 Rc8 29.Ra4 a5 30.c4 Ke5 31.Ke3 Rf8 32.g3 Rf1 33.Ra3 
Re1+ 34.Kf3 Kd4 35.Rb3 Rf1+ 36.Ke2 Rf6 37.a4 Kxc4 38.Rb5 Kd4 39.Ke1 h6 40.
Ke2 g5 41.Ke1 Ke3 42.Rb3+ Ke4 43.Rb5 Kf3 44.Kf1 h5 45.Ke1 h4 46.gxh4 gxh4 
47.Rb3+ Ke4 48.Rb5 Rg6 49.Kf1 Ke5 50.d6+ Ke6 51.Rxb6 Rg4 52.Ra6 Rxa4 53.
Kg2 Ra3 54.h3 Kd5 55.Kf2 Kc5 56.Kg2 Kb5 57.Ra8 Kc6 58.Rh8 Ra4 59.Rh6 Rf4 
60.Rg6 a4 61.Rg8 Kxd6 62.Ra8 Kc5 0-1

[Event "Elite Hotels Open 2015"]
[Site "Elite Stadshotellet, Vaxjo"]
[Date "2015.02.14"]
[Round "5.22"]
[White "Arman, Deniz"]
[Black "Horbing, Stefan"]
[Result "1-0"]
[WhiteElo "2276"]
[BlackElo "2080"]

1.e4 e5 2.Nf3 Nc6 3.Bc4 Bc5 4.c3 Nf6 5.b4 Bb6 6.d3 d6 7.a4 a5 8.b5 Ne7 9.
Qb3 O-O 10.Ng5 d5 11.exd5 Nexd5 12.O-O Bf5 13.Ba3 Re8 14.Nd2 Bg6 15.Rae1 
c6 16.Nde4 Bc7 17.bxc6 bxc6 18.Qb7 h6 19.Nf3 Nxe4 20.dxe4 Nxc3 21.Qxc6 Bb6
22.Qxg6 1-0

[Event "Elite Hotels Open 2015"]
[Site "Elite Stadshotellet, Vaxjo"]
[Date "2015.02.14"]
[Round "5.23"]
[White "Wihlborn, Bengt"]
[Black "Svensson, Bo Anders"]
[Result "0-1"]
[WhiteElo "1860"]
[BlackElo "2242"]

1.Nf3 d5 2.c4 c6 3.e3 Nf6 4.b3 Bg4 5.Bb2 e6 6.Be2 Nbd7 7.O-O Bd6 8.d4 a5 
9.Nc3 O-O 10.Rc1 Qe7 11.Na4 Ne4 12.Ne5 Bxe2 13.Qxe2 Nxe5 14.dxe5 Bb4 15.f3
Nc5 16.cxd5 exd5 17.Nxc5 Bxc5 18.Bd4 Bxd4 19.exd4 a4 20.Rb1 axb3 21.Rxb3 
Ra4 22.Qb2 b5 23.Rc1 Rc4 24.a4 Rxc1+ 25.Qxc1 bxa4 26.Rb6 Qa7 27.Qxc6 a3 
28.Ra6 Qxd4+ 29.Kf1 Qxe5 30.Ra8 Qa1+ 31.Kf2 Qb2+ 32.Kg3 g6 0-1